Richest Countries - Sudden Death - Statistics

General Stats
  • This quiz has been taken 5,667 times
    1,577 since last reset
  • The average score is 4 of 15
Answers on the Grid
Answers color-coded by a green-red scale on the quiz's grid according to % correct below.
Antigua and Barbuda
Bahamas
Belarus
Bulgaria
Chile
Croatia
Cyprus
Czech Republic
Estonia
Georgia
Greece
Guyana
Hungary
Israel
Kazakhstan
Kuwait
Lithuania
Malaysia
Maldives
Mauritius
Montenegro
New Zealand
Panama
Portugal
Russia
Saint Kitts and Nevis
Saudi Arabia
Serbia
Seychelles
Trinidad and Tobago
Turkey
Uruguay
 
Answer Stats
Answer % Correct
Saudi Arabia
57%
Israel
56%
New Zealand
53%
Kuwait
43%
Russia
35%
Portugal
34%
Czech Republic
32%
Estonia
26%
Greece
22%
Croatia
21%
Hungary
19%
Lithuania
19%
Cyprus
15%
Malaysia
10%
Guyana
4%
No matching quizzes found
Score Distribution
Percent of People with Each Score
Percentile by Number Answered
Your Score History
You have not taken this quiz since the last reset